[Event "2024 National Middle School Championship"]
[Site "Atlanta, Georgia, United States"]
[Date "2024.05.11"]
[Round "4.19"]
[White "Piracha, Muneeb"]
[Black "Recore, Coleman"]
[Result "1-0"]
[TimeControl "G/90;d10"]
[WhiteElo "890"]
[BlackElo "803"]

1. d4 {[%clk 01:30:00]} {[%emt 00:00:04]} g6 {[%clk 01:29:47]} {[%emt
00:00:08]} 2. Nf3 {[%clk 01:29:54]} {[%emt 00:00:32]} Nf6 {[%clk 01:29:46]}
{[%emt 00:00:09]} 3. Bg5 {[%clk 01:29:54]} {[%emt 00:00:13]} Bg7 {[%clk
01:29:27]} {[%emt 00:00:21]} 4. e3 {[%clk 01:29:26]} {[%emt 00:00:46]} O-O
{[%clk 01:29:22]} {[%emt 00:00:14]} 5. Bd3 {[%clk 01:29:17]} {[%emt 00:00:20]}
d6 {[%clk 01:29:20]} {[%emt 00:00:09]} 6. O-O {[%clk 01:28:58]} {[%emt
00:00:32]} Bg4 {[%clk 01:29:20]} {[%emt 00:00:03]} 7. Nbd2 {[%clk 01:28:40]}
{[%emt 00:00:33]} Nc6 {[%clk 01:29:18]} {[%emt 00:00:10]} 8. c3 {[%clk
01:28:29]} {[%emt 00:00:23]} Qd7 {[%clk 01:29:09]} {[%emt 00:00:15]} 9. Re1
{[%clk 01:27:10]} {[%emt 00:01:33]} Qe6 {[%clk 01:27:23]} {[%emt 00:01:51]} 10.
Qe2 {[%clk 01:26:15]} {[%emt 00:01:10]} d5 {[%clk 01:26:45]} {[%emt 00:00:46]}
11. e4 {[%clk 01:23:24]} {[%emt 00:03:03]} dxe4 {[%clk 01:25:40]} {[%emt
00:01:13]} 12. Nxe4 {[%clk 01:22:35]} {[%emt 00:01:01]} Nxe4 {[%clk 01:25:25]}
{[%emt 00:00:22]} 13. Bxe4 {[%clk 01:21:35]} {[%emt 00:01:13]} f5 {[%clk
01:21:20]} {[%emt 00:04:08]} 14. Bd3 {[%clk 01:15:22]} {[%emt 00:06:30]} Qxe2
{[%clk 01:20:53]} {[%emt 00:00:33]} 15. Bxe2 {[%clk 01:15:11]} {[%emt
00:00:25]} Bxf3 {[%clk 01:20:20]} {[%emt 00:00:35]} 16. Bxf3 {[%clk 01:15:02]}
{[%emt 00:00:27]} Rfe8 {[%clk 01:20:20]} {[%emt 00:00:06]} 17. Bxc6 {[%clk
01:13:20]} {[%emt 00:01:55]} bxc6 {[%clk 01:20:20]} {[%emt 00:00:05]} 18. Rxe7
{[%clk 01:09:53]} {[%emt 00:03:41]} Rxe7 {[%clk 01:20:02]} {[%emt 00:00:23]} 19.
Bxe7 {[%clk 01:09:52]} {[%emt 00:00:15]} Re8 {[%clk 01:19:35]} {[%emt
00:01:46]} 20. Bc5 {[%emt 00:00:36]} a6 {[%clk 01:19:18]} {[%emt 00:00:20]} 21.
Kf1 {[%clk 01:08:30]} {[%emt 00:01:14]} Kf7 {[%clk 01:19:03]} {[%emt 00:00:23]}
22. Re1 {[%clk 01:07:06]} {[%emt 00:01:37]} Rxe1+ {[%clk 01:18:46]} {[%emt
00:00:24]} 23. Kxe1 {[%clk 01:07:06]} {[%emt 00:00:10]} Ke6 {[%clk 01:18:46]}
{[%emt 00:00:06]} 24. Ke2 {[%clk 01:06:15]} {[%emt 00:01:04]} Kd5 {[%clk
01:18:43]} {[%emt 00:00:10]} 25. Kd3 {[%clk 01:03:25]} {[%emt 00:03:04]} Bh6
{[%clk 01:18:16]} {[%emt 00:00:25]} 26. c4+ {[%clk 01:02:50]} {[%emt 00:00:57]}
Ke6 {[%clk 01:18:13]} {[%emt 00:00:09]} 27. g3 {[%clk 01:01:53]} {[%emt
00:01:11]} Bc1 {[%clk 01:18:01]} {[%emt 00:00:18]} 28. Kc2 {[%clk 00:58:40]}
{[%emt 00:03:25]} Bg5 {[%clk 01:16:59]} {[%emt 00:01:07]} 29. b3 {[%clk
00:57:24]} {[%emt 00:01:33]} f4 {[%clk 01:15:53]} {[%emt 00:01:12]} 30. h4
{[%clk 00:55:32]} {[%emt 00:02:06]} fxg3 {[%clk 01:15:03]} {[%emt 00:00:50]} 31.
d5+ {[%clk 00:53:54]} {[%emt 00:01:58]} cxd5 {[%clk 01:14:30]} {[%emt
00:00:39]} 32. hxg5 {[%clk 00:53:51]} {[%emt 00:00:17]} gxf2 {[%clk 01:12:02]}
{[%emt 00:02:31]} 33. Bxf2 {[%clk 00:52:57]} {[%emt 00:01:11]} dxc4 {[%clk
01:11:54]} {[%emt 00:00:13]} 34. bxc4 {[%clk 00:52:51]} {[%emt 00:00:21]} Kd6
{[%clk 01:11:39]} {[%emt 00:00:19]} 35. Kd3 {[%clk 00:51:24]} {[%emt 00:01:42]}
Ke5 {[%clk 01:11:05]} {[%emt 00:00:27]} 36. Bg3+ {[%clk 00:50:45]} {[%emt
00:01:07]} Kf5 {[%clk 01:10:46]} {[%emt 00:00:22]} 37. Bxc7 {[%clk 00:50:32]}
{[%emt 00:00:28]} Kxg5 {[%clk 01:10:40]} {[%emt 00:00:10]} 38. Ke4 {[%clk
00:47:46]} {[%emt 00:03:04]} Kf6 {[%clk 01:09:59]} {[%emt 00:00:48]} 39. c5
{[%clk 00:47:13]} {[%emt 00:00:46]} Ke6 {[%clk 01:08:30]} {[%emt 00:01:34]} 40.
c6 {[%clk 00:46:42]} {[%emt 00:00:46]} h5 {[%clk 01:07:51]} {[%emt 00:00:39]}
41. Bh2 {[%clk 00:45:44]} {[%emt 00:01:18]} Ke7 {[%clk 01:06:59]} {[%emt
00:00:56]} 42. c7 {[%clk 00:44:28]} {[%emt 00:01:31]} Kd7 {[%clk 01:06:53]}
{[%emt 00:00:08]} 43. Kf3 {[%clk 00:40:58]} {[%emt 00:03:48]} g5 {[%clk
01:05:47]} {[%emt 00:01:10]} 44. Ke4 {[%clk 00:40:44]} {[%emt 00:00:30]} g4
{[%clk 01:05:13]} {[%emt 00:00:41]} 45. Kf5 {[%clk 00:40:31]} {[%emt 00:00:26]}
g3 {[%clk 01:04:56]} {[%emt 00:00:22]} 46. Bxg3 {[%clk 00:40:31]} {[%emt
00:00:14]} h4 {[%clk 01:04:54]} {[%emt 00:00:05]} 47. Bh2 {[%clk 00:40:28]}
{[%emt 00:00:21]} h3 {[%clk 01:04:44]} {[%emt 00:00:17]} 48. Ke4 {[%clk
00:40:12]} {[%emt 00:00:28]} Kc8 {[%clk 01:03:59]} {[%emt 00:00:47]} 49. Kd5
{[%clk 00:40:09]} {[%emt 00:00:21]} a5 {[%clk 01:03:51]} {[%emt 00:00:16]} 50.
Kc5 {[%clk 00:39:54]} {[%emt 00:00:28]} a4 {[%clk 01:03:44]} {[%emt 00:00:15]}
51. Kb6 {[%clk 00:39:27]} {[%emt 00:00:38]} a3 {[%clk 01:03:34]} {[%emt
00:00:15]} 52. Ka7 {[%clk 00:39:23]} {[%emt 00:00:19]} Kd7 {[%clk 01:03:04]}
{[%emt 00:00:33]} 53. Kb7 {[%clk 00:39:04]} {[%emt 00:00:36]} Ke8 {[%clk
01:02:49]} {[%emt 00:00:20]} 54. c8=Q+ {[%clk 00:38:16]} {[%emt 00:00:23]} Ke7
{[%clk 01:02:49]} {[%emt 00:00:45]} 55. Qc6 {[%clk 00:38:08]} {[%emt 00:00:23]}
1-0

[Event "2024 National Middle School Championship"]
[Site "Atlanta, Georgia, United States"]
[Date "2024.05.11"]
[Round "4.20"]
[White "Cao, Eric"]
[Black "Threets, Marissa"]
[Result "0-1"]
[TimeControl "G/90;d10"]
[WhiteElo "603"]
[BlackElo "696"]

1. d4 {[%clk 01:28:30]} {[%emt 00:01:40]} d5 {[%clk 01:30:00]} {[%emt
00:00:10]} 2. Nf3 {[%clk 01:28:30]} {[%emt 00:00:06]} Nc6 {[%clk 01:29:36]}
{[%emt 00:00:35]} 3. Bg5 {[%clk 01:28:27]} {[%emt 00:00:13]} Bf5 {[%clk
01:28:51]} {[%emt 00:00:55]} 4. c3 {[%clk 01:28:21]} {[%emt 00:00:16]} h6
{[%clk 01:28:06]} {[%emt 00:00:55]} 5. Bh4 {[%clk 01:28:21]} {[%emt 00:00:02]}
g5 {[%clk 01:27:55]} {[%emt 00:00:20]} 6. Bg3 {[%clk 01:28:21]} {[%emt
00:00:02]} e6 {[%clk 01:26:33]} {[%emt 00:01:31]} 7. e3 {[%clk 01:28:21]}
{[%emt 00:00:04]} Bd6 {[%clk 01:26:27]} {[%emt 00:00:17]} 8. Ne5 {[%clk
01:28:02]} {[%emt 00:00:29]} Bxe5 {[%clk 01:25:10]} {[%emt 00:01:27]} 9. dxe5
{[%clk 01:27:54]} {[%emt 00:00:17]} Qd7 {[%clk 01:23:55]} {[%emt 00:01:26]} 10.
Bb5 {[%clk 01:27:43]} {[%emt 00:00:20]} O-O-O {[%clk 01:23:22]} {[%emt
00:00:43]} 11. Qe2 {[%clk 01:27:43]} {[%emt 00:00:10]} a6 {[%clk 01:23:01]}
{[%emt 00:00:32]} 12. Ba4 {[%clk 01:26:54]} {[%emt 00:00:58]} h5 {[%clk
01:20:25]} {[%emt 00:02:46]} 13. h3 {[%clk 01:26:50]} {[%emt 00:00:14]} g4
{[%clk 01:17:48]} {[%emt 00:02:46]} 14. hxg4 {[%clk 01:25:39]} {[%emt
00:01:22]} Bxg4 {[%clk 01:17:27]} {[%emt 00:00:32]} 15. f3 {[%clk 01:25:39]}
{[%emt 00:00:07]} Bf5 {[%clk 01:16:20]} {[%emt 00:01:16]} 16. Nd2 {[%clk
01:25:12]} {[%emt 00:00:37]} Nh6 {[%clk 01:12:33]} {[%emt 00:03:57]} 17. Rxh5
{[%clk 01:23:51]} {[%emt 00:01:31]} Bg6 {[%clk 01:11:07]} {[%emt 00:01:36]} 18.
Rh1 {[%clk 01:23:51]} {[%emt 00:00:05]} Nf5 {[%clk 01:08:52]} {[%emt 00:02:24]}
19. Rxh8 {[%clk 01:23:39]} {[%emt 00:00:22]} Rxh8 {[%clk 01:07:41]} {[%emt
00:01:22]} 20. Kf2 {[%clk 01:23:39]} {[%emt 00:00:05]} d4 {[%clk 01:04:55]}
{[%emt 00:02:56]} 21. cxd4 {[%clk 01:23:10]} {[%emt 00:00:39]} Nfxd4 {[%clk
01:04:53]} {[%emt 00:00:12]} 22. exd4 {[%clk 01:22:45]} {[%emt 00:00:35]} Qxd4+
{[%clk 01:04:42]} {[%emt 00:00:21]} 23. Qe3 {[%clk 01:22:44]} {[%emt 00:00:11]}
Qxa4 {[%clk 01:04:13]} {[%emt 00:00:40]} 24. b3 {[%clk 01:21:29]} {[%emt
00:01:25]} Qb5 {[%clk 01:01:31]} {[%emt 00:02:41]} 25. a4 {[%clk 01:21:10]}
{[%emt 00:00:41]} Qb4 {[%clk 01:00:43]} {[%emt 00:00:56]} 26. Rd1 {[%clk
01:19:10]} {[%emt 00:02:12]} Rd8 {[%clk 00:59:30]} {[%emt 00:01:20]} 27. f4
{[%clk 01:18:00]} {[%emt 00:01:23]} Bc2 {[%clk 00:58:00]} {[%emt 00:01:39]} 28.
Bh4 {[%clk 01:17:15]} {[%emt 00:00:54]} Rd3 {[%clk 00:57:40]} {[%emt 00:00:31]}
29. Qe1 {[%clk 01:16:05]} {[%emt 00:01:20]} Bxd1 {[%clk 00:57:03]} {[%emt
00:00:48]} 30. Kg1 {[%clk 01:15:28]} {[%emt 00:00:44]} Bc2 {[%clk 00:55:07]}
{[%emt 00:02:08]} 31. Ne4 {[%clk 01:13:10]} {[%emt 00:02:29]} Rd1 {[%clk
00:54:32]} {[%emt 00:00:44]} 32. Qxd1 {[%clk 01:13:01]} {[%emt 00:00:20]} Bxd1
{[%clk 00:54:30]} {[%emt 00:00:12]} 33. Nf6 {[%clk 01:12:31]} {[%emt 00:00:39]}
Qxf4 {[%clk 00:53:30]} {[%emt 00:01:11]} 34. Bf2 {[%clk 01:11:42]} {[%emt
00:00:59]} Qxe5 {[%clk 00:52:47]} {[%emt 00:00:53]} 35. Nh7 {[%clk 01:11:08]}
{[%emt 00:00:40]} Qg7 {[%clk 00:51:43]} {[%emt 00:01:16]} 36. Be3 {[%clk
01:10:26]} {[%emt 00:00:53]} Qxh7 {[%clk 00:51:22]} {[%emt 00:00:31]} 37. Bf2
{[%clk 01:09:59]} {[%emt 00:00:37]} Qg7 {[%clk 00:51:05]} {[%emt 00:00:21]} 38.
Kf1 {[%clk 01:09:57]} {[%emt 00:00:18]} Nd4 {[%clk 00:50:49]} {[%emt 00:00:27]}
39. b4 {[%clk 01:09:57]} {[%emt 00:00:08]} Nc2 {[%clk 00:50:30]} {[%emt
00:00:27]} 40. b5 {[%clk 01:09:38]} {[%emt 00:00:31]} axb5 {[%clk 00:49:56]}
{[%emt 00:00:45]} 41. axb5 {[%clk 01:09:38]} {[%emt 00:00:03]} Qa1 {[%clk
00:49:23]} {[%emt 00:00:42]} 42. Kg1 {[%clk 01:09:38]} {[%emt 00:00:06]} Ne1
{[%clk 00:48:46]} 43. Kh2 {[%clk 01:09:38]} {[%emt 00:00:53]} Bg4 {[%emt
00:04:47]} 44. Kg3 f5 {[%clk 00:46:11]} {[%emt 00:00:25]} 45. b6 {[%clk
01:07:37]} {[%emt 00:00:24]} Qc3+ {[%clk 00:45:35]} {[%emt 00:00:46]} 46. Kh2
{[%clk 01:07:35]} {[%emt 00:00:12]} c6 {[%clk 00:43:51]} {[%emt 00:01:51]} 47.
g3 {[%clk 01:07:19]} {[%emt 00:00:29]} Nf3+ {[%clk 00:43:35]} {[%emt 00:00:25]}
48. Kg2 {[%clk 01:07:19]} {[%emt 00:00:08]} Qc2 {[%clk 00:41:30]} {[%emt
00:02:11]} 49. Kf1 {[%clk 01:07:19]} {[%emt 00:00:11]} Bh3# {[%emt 00:00:48]}
0-1